Normal view
MARC view
- Li, Xinmin.
Entry Personal Name
001 - CONTROL NUMBER
- control field: 60767
003 - CONTROL NUMBER IDENTIFIER
- control field: OSt
005 - DATE AND TIME OF LATEST TRANSACTION
- control field: 20240911172906.0
008 - FIXED-LENGTH DATA ELEMENTS
- fixed length control field: 240911|| aca||aabn | a|a d
040 ## - CATALOGING SOURCE
- Original cataloging agency: OSt
- Transcribing agency: OSt
100 ## - HEADING--PERSONAL NAME
- Personal name: Li, Xinmin.
- Relator term: author.
670 ## - SOURCE DATA FOUND
- Source citation: Work cat.: (OSt): Li, Xinmin. author., Low-speed rotating restart and speed recording for free-running sensorless ipmsm based on ultrahigh frequency sinusoidal wave injection /, December 2022.
